[Event "Beograd 71/403"]
[Site "?"]
[Date "1997.??.??"]
[Round "?"]
[White "Gelfand, Boris"]
[Black "Lautier, Joel"]
[Result "1-0"]
[WhiteElo "2695"]
[BlackElo "2660"]
[PlyCount "79"]
[EventDate "1997.??.??"]
[Source "ChessBase"]
[SourceDate "1997.10.01"]

1. d4 d5 2. Nf3 e6 3. c4 dxc4 4. e3 Nf6 5. Bxc4 c5 6. O-O a6 7. e4 Nxe4 8. d5 Be7 9. Re1 exd5 10. Qxd5 Nd6 11. Bd3 O-O 12. Bf4 Nf5 13. Nc3 Bf6 14. Bxf5 Qxd5 15. Bxh7+ Kxh7 16. Nxd5 Nd7 17. Bd6 Rd8 18. Nxf6+ Nxf6 19. Bxc5 Bg4 20. Be7 Rd7 21. Ng5+ Kg6 22. Bxf6 Kxf6 23. Ne4+ Kg6 24. f3 Bf5 25. Rad1 Rad8 26. Rxd7 Rxd7 27. Kf2 b6 28. Re2 Rd3 29. Re3 Rd4 30. Rb3 b5 31. Ke3 Rc4 32. Rc3 Rb4 33. b3 Be6 34. g4 a5 35. f4 Bd5 36. Nd2 a4 37. a3 Rxb3 38. Nxb3 axb3 39. Rc5 Bc4 40. Kd2 1-0

[Event "Koge op"]
[Site "Koge"]
[Date "1997.??.??"]
[Round "9"]
[White "Aleksandrov, Aleksej"]
[Black "Sadler, Matthew"]
[Result "1/2-1/2"]
[WhiteElo "2660"]
[BlackElo "2665"]
[PlyCount "122"]
[EventDate "1997.??.??"]
[Source "www.chesslib.no"]
[SourceDate "2004.05.04"]

1. d4 d5 2. c4 dxc4 3. Nf3 Nf6 4. e3 e6 5. Bxc4 c5 6. O-O a6 7. e4 Nxe4 8. d5 Be7 9. dxe6 Bxe6 10. Qxd8+ Bxd8 11. Bxe6 fxe6 12. Re1 Nf6 13. Rxe6+ Be7 14. Nc3 Nc6 15. Bf4 O-O 16. Rae1 Rfe8 17. Ne5 Nd8 18. Rb6 Bf8 19. Kf1 Re6 20. Nc4 Rxe1+ 21. Kxe1 Rc8 22. a4 Kf7 23. Bg5 Be7 24. f4 Kf8 25. f5 Rc6 26. Rb3 Nd5 27. Nxd5 Bxg5 28. Kf2 Bf6 29. g4 Bd4+ 30. Kg3 g6 31. h4 gxf5 32. gxf5 Rh6 33. Kg4 Bf2 34. h5 Bd4 35. a5 Rc6 36. Rb6 Rxb6 37. axb6 Nf7 38. Kf4 Ke8 39. Nc7+ Kd7 40. Ne6 Kc6 41. Nxd4+ cxd4 42. Ke4 Kc5 43. b3 h6 44. f6 Ng5+ 45. Kf5 d3 46. Kg6 Kd4 47. Kxh6 Ne6 48. Nd2 Kc3 49. Ne4+ Kd4 50. Nf2 Ke5 51. Kg6 Nf4+ 52. Kf7 Nxh5 53. Nxd3+ Kd4 54. Nc1 Kc5 55. Ke6 Nxf6 56. Kxf6 Kxb6 57. Ke5 Kb5 58. Na2 Kc5 59. Ke4 a5 60. Kd3 b5 61. Kc2 b4 1/2-1/2

[Event "Elista ol (Men)"]
[Site "Elista"]
[Date "1998.10.10"]
[Round "11"]
[White "Hebden, Mark"]
[Black "Kaidanov, Gregory S"]
[Result "0-1"]
[WhiteElo "2590"]
[BlackElo "2625"]
[PlyCount "83"]
[EventDate "1998.09.29"]
[Source "ChessBase"]
[SourceDate "1998.11.06"]

1. d4 d5 2. c4 dxc4 3. Nf3 Nf6 4. e3 e6 5. Bxc4 c5 6. O-O a6 7. e4 Nxe4 8. d5 Be7 9. dxe6 Bxe6 10. Qxd8+ Bxd8 11. Bxe6 fxe6 12. Re1 Nf6 13. Rxe6+ Be7 14. Bg5 Nc6 15. Nc3 Kf7 16. Rae1 Rhe8 17. Bf4 h6 18. R6e2 Nd4 19. Nxd4 cxd4 20. Nb1 Nd5 21. Bd2 Red8 22. Re4 Bf6 23. h4 Rac8 24. g4 g5 25. hxg5 hxg5 26. Na3 b5 27. b3 Rc6 28. Kf1 d3 29. Rd1 Be7 30. Nb1 Rh6 31. Kg2 Rdh8 32. Rxe7+ Nxe7 33. Be3 Nc6 34. Nd2 Rh2+ 35. Kf3 Ne5+ 36. Ke4 Nxg4 37. Nf3 Re8+ 38. Kd4 Rd8+ 39. Ke4 Nxf2+ 40. Bxf2 Rxf2 41. Nxg5+ Kf6 42. Ra1 0-1

[Event "Soviet Union"]
[Site "Soviet Union"]
[Date "1982.??.??"]
[Round "?"]
[White "Kasparov, Gary"]
[Black "Gulko, Boris F"]
[Result "0-1"]
[WhiteElo "2640"]
[BlackElo "2565"]
[PlyCount "48"]
[EventDate "1982.??.??"]
[Source "www.chesslib.no"]
[SourceDate "2004.05.04"]

1. d4 d5 2. c4 dxc4 3. e3 Nf6 4. Bxc4 e6 5. Nf3 c5 6. O-O a6 7. e4 b5 8. Bd3 Bb7 9. Bg5 cxd4 10. Nxd4 Nbd7 11. Nc3 Ne5 12. Ncxb5 Nxd3 13. Qxd3 axb5 14. Rfd1 Be7 15. Qxb5+ Qd7 16. Qb3 Bxe4 17. Nf5 Bd5 18. Nxg7+ Kf8 19. Qh3 h5 20. Qg3 Kxg7 21. Bxf6+ Kxf6 22. Rd4 Bd6 23. Qc3 Kg6 24. h3 Bc7 0-1

[Event "Rubinstein mem 34th"]
[Site "Polanica Zdroj"]
[Date "1997.08.23"]
[Round "5"]
[White "Aleksandrov, Aleksej"]
[Black "Kaminski, Marcin"]
[Result "1-0"]
[WhiteElo "2660"]
[BlackElo "2540"]
[PlyCount "117"]
[EventDate "1997.08.19"]
[Source "ChessBase"]
[SourceDate "1997.11.23"]

1. d4 d5 2. c4 dxc4 3. Nf3 Nf6 4. e3 e6 5. Bxc4 c5 6. O-O a6 7. e4 b5 8. Bd3 Bb7 9. Bg5 h6 10. Bxf6 Qxf6 11. a4 b4 12. Nbd2 cxd4 13. a5 e5 14. Rc1 Bd6 15. Qa4+ Nd7 16. Nc4 Rd8 17. Nb6 Qe7 18. Nd5 Bxd5 19. exd5 O-O 20. Rfe1 Nc5 21. Qc2 b3 22. Qe2 Rfe8 23. Nd2 Nxd3 24. Qxd3 Bb4 25. Rcd1 Rxd5 26. Qxa6 Rxa5 27. Qc4 Bxd2 28. Rxd2 Qe6 29. Qb4 Rea8 30. f4 Ra1 31. Rde2 Rxe1+ 32. Rxe1 f6 33. fxe5 fxe5 34. Qxd4 exd4 35. Rxe6 Ra1+ 36. Kf2 Ra2 37. Re2 Ra1 38. Rd2 Rc1 39. Ke2 Kf7 40. Rxd4 Rb1 41. Rd2 Ke6 42. Kd3 Rc1 43. Ke3 Re1+ 44. Re2 Rh1 45. Kd4+ Kf5 46. Kc3 Kf4 47. h3 Kg3 48. Kxb3 g5 49. Ka2 h5 50. b4 g4 51. hxg4 hxg4 52. Rb2 Rh5 53. Kb3 Kh2 54. Kc4 g3 55. b5 Rh4+ 56. Kd3 Rf4 57. b6 Rf2 58. Kc3 Rf8 59. b7 1-0

[Event "Espana 73/444"]
[Site "?"]
[Date "1998.??.??"]
[Round "?"]
[White "Lautier, Joel"]
[Black "Arencibia, Walter"]
[Result "1/2-1/2"]
[WhiteElo "2625"]
[BlackElo "2550"]
[PlyCount "54"]
[EventDate "1998.??.??"]
[Source "ChessBase"]
[SourceDate "1998.06.01"]

1. d4 d5 2. c4 dxc4 3. e3 Nf6 4. Bxc4 e6 5. Nf3 c5 6. O-O a6 7. e4 b5 8. Bd3 Bb7 9. e5 Nfd7 10. Ng5 Be7 11. Qh5 g6 12. Qh6 Nxe5 13. dxe5 Qxd3 14. Qg7 Rf8 15. Nxh7 Nd7 16. Nd2 Qe2 17. a4 b4 18. Nxf8 Bxf8 19. Qh8 Nxe5 20. f3 O-O-O 21. Ne4 Bxe4 22. fxe4 Qxe4 23. Qf6 Bd6 24. Bg5 Rd7 25. Rad1 Nd3 26. Qh8+ Kb7 27. Rd2 Bc7 1/2-1/2

[Event "RUS-ch"]
[Site "Elista"]
[Date "1996.??.??"]
[Round "6"]
[White "Rustemov, Alexander"]
[Black "Kharlov, Andrei"]
[Result "1-0"]
[WhiteElo "2535"]
[BlackElo "2605"]
[PlyCount "155"]
[EventDate "1996.10.15"]
[Source "ChessBase"]

1. d4 d5 2. c4 dxc4 3. Nf3 Nf6 4. e3 e6 5. Bxc4 a6 6. O-O c5 7. e4 Nxe4 8. d5 e5 9. Re1 Nd6 10. Nxe5 Be7 11. Bd3 h6 12. Qh5 Kf8 13. Nc3 Nd7 14. Bf4 Nf6 15. Qf3 g5 16. Bg3 Kg7 17. Re3 h5 18. h3 g4 19. Qf4 Nfe8 20. Ne4 h4 21. Bh2 gxh3 22. gxh3 Nf5 23. Kh1 Kf8 24. Rg1 Neg7 25. d6 Bxd6 26. Nxd6 Qxd6 27. Rxg7 Kxg7 28. Bxf5 Bxf5 29. Qxf5 Qd1+ 30. Kg2 Qh5 31. Qc2 Rae8 32. Qc3 f6 33. Ng4 Qd5+ 34. Rf3 Re6 35. Nxf6 Qd4 36. Qxd4 cxd4 37. Ng4 Rh5 38. Rd3 Rd5 39. Kf1 Re4 40. f3 Re8 41. Bg1 Red8 42. Bf2 Kg6 43. Bxh4 Rc8 44. Be1 Rc1 45. Ke2 Rb1 46. Rb3 b5 47. Bd2 Kf5 48. Nf2 Rc5 49. Kd3 Ke5 50. Ng4+ Kd5 51. Nf6+ Ke6 52. Ne4 Rc4 53. Ra3 Rxb2 54. Rxa6+ Ke7 55. Ra7+ Ke6 56. Ra6+ Ke7 57. Ra7+ Ke6 58. f4 Rc6 59. h4 Rb1 60. h5 Rh1 61. f5+ Ke5 62. Re7+ Kd5 63. h6 Rh3+ 64. Ke2 Ra6 65. f6 Rh2+ 66. Kf1 Rxd2 67. f7 Rd1+ 68. Ke2 Rh1 69. f8=Q Rxa2+ 70. Nd2 Rh2+ 71. Kf1 Ra1+ 72. Re1 Rh1+ 73. Kf2 Raxe1 74. Qg8+ Kd6 75. h7 d3 76. h8=Q Re2+ 77. Kf3 Rxh8 78. Qxh8 1-0

[Event "Capablanca mem Elite 33rd"]
[Site "Havana"]
[Date "1998.05.08"]
[Round "2"]
[White "Morovic Fernandez, Ivan"]
[Black "Arencibia, Walter"]
[Result "1-0"]
[WhiteElo "2600"]
[BlackElo "2535"]
[PlyCount "51"]
[EventDate "1998.05.07"]
[Source "ChessBase"]
[SourceDate "1998.08.06"]

1. d4 d5 2. c4 dxc4 3. e3 Nf6 4. Bxc4 e6 5. Nf3 c5 6. O-O a6 7. e4 cxd4 8. e5 Nfd7 9. Qxd4 Nc6 10. Qf4 Qc7 11. Re1 Ndxe5 12. Nxe5 Nxe5 13. Qxe5 Qxc4 14. Nc3 f6 15. Qh5+ g6 16. Qf3 Bg7 17. Nd5 O-O 18. Nb6 Qb4 19. Be3 Rb8 20. Rac1 Qxb2 21. Re2 Qb5 22. Rec2 e5 23. Nxc8 f5 24. Rc7 Rd8 25. Ne7+ Kh8 26. Qh3 1-0

[Event "Cancan Veterans-Women"]
[Site "Roquebrune"]
[Date "1998.09.17"]
[Round "10"]
[White "Cramling, Pia"]
[Black "Kortschnoj, Viktor"]
[Result "1/2-1/2"]
[WhiteElo "2505"]
[BlackElo "2625"]
[PlyCount "68"]
[EventDate "1998.09.07"]
[Source "ChessBase"]
[SourceDate "1998.11.30"]

1. d4 d5 2. Nf3 e6 3. c4 dxc4 4. e3 Nf6 5. Bxc4 c5 6. O-O a6 7. e4 b5 8. Bd3 cxd4 9. a4 bxa4 10. e5 Nd5 11. Qxa4+ Bd7 12. Qxd4 Nb4 13. Bg5 Be7 14. Bxe7 Qxe7 15. Be4 N8c6 16. Qe3 O-O 17. Nbd2 Rab8 18. Nb3 Rfd8 19. Nc5 a5 20. Rfd1 Be8 21. h3 h6 22. Rxd8 Qxd8 23. Qc3 Qb6 24. Nb3 Ne7 25. Nxa5 Nbd5 26. Qd4 Qxb2 27. Qxb2 Rxb2 28. Nc4 Rb8 29. Nd6 Nc3 30. Bd3 Ba4 31. Ra3 Rb3 32. Rxb3 Bxb3 33. Nd4 Ba4 34. f4 Ncd5 1/2-1/2

[Event "XII Open HIT 2007 - A"]
[Site "Nova Gorica SLO"]
[Date "2007.01.30"]
[Round "7"]
[White "Kozul, Zdenko"]
[Black "Stevic, Hrvoje"]
[Result "1-0"]
[WhiteElo "2616"]
[BlackElo "2495"]
[PlyCount "76"]
[EventDate "2007.01.26"]
[Source "www.chesslib.no"]
[SourceDate "2004.05.04"]

1. d4 d5 2. c4 dxc4 3. Nf3 Nf6 4. e3 e6 5. Bxc4 c5 6. O-O a6 7. e4 b5 8. Bd3 Bb7 9. Bg5 cxd4 10. a4 Be7 11. Bxf6 Bxf6 12. e5 Be7 13. axb5 O-O 14. Nbd2 axb5 15. Rxa8 Bxa8 16. Qc2 h6 17. Bh7+ Kh8 18. Be4 Na6 19. Bxa8 Qxa8 20. Nxd4 Qd5 21. N2f3 Bc5 22. Nb3 Rd8 23. Re1 Bb6 24. Qc3 b4 25. Qc2 Nc5 26. Nxc5 Bxc5 27. b3 Bb6 28. Rc1 Bd4 29. Qe2 Qxb3 30. Rc2 Bb6 31. g3 Rd3 32. Rc8+ Kh7 33. Ng5+ Kg6 34. Qe4+ f5 35. exf6+ Kxg5 36. fxg7 Bxf2+ 37. Kg2 Rxg3+ 38. Kxf2 Kh5 1-0

[Event "Bundesliga 9798"]
[Site "Germany"]
[Date "1998.??.??"]
[Round "?.3"]
[White "Sokolov, Ivan"]
[Black "Kraut, Rainer"]
[Result "1/2-1/2"]
[WhiteElo "2635"]
[BlackElo "2470"]
[PlyCount "78"]
[EventDate "1997.10.??"]
[Source "ChessBase"]
[SourceDate "1999.07.01"]

1. d4 d5 2. c4 dxc4 3. e3 Nf6 4. Bxc4 e6 5. Nf3 c5 6. O-O a6 7. e4 b5 8. Bd3 Bb7 9. dxc5 Bxe4 10. Bxe4 Qxd1 11. Rxd1 Nxe4 12. b4 Nc6 13. Re1 Be7 14. a4 f5 15. Nbd2 Nxd2 16. Bxd2 Kf7 17. Bg5 Bf6 18. Ra3 Nxb4 19. Bxf6 Kxf6 20. Rb3 Nd5 21. axb5 axb5 22. Rxb5 Rhb8 23. Rxb8 Rxb8 24. Ne5 Rb2 25. g3 g5 26. Nc6 Nc3 27. Nd4 e5 28. c6 exd4 29. c7 Rc2 30. Re6+ Kf7 31. c8=Q Ne2+ 32. Rxe2 Rxc8 33. Re5 Rd8 34. Rxf5+ Ke6 35. Ra5 d3 36. Ra1 Ke5 37. Kf1 Ke4 38. Re1+ Kf5 39. f3 Rc8 1/2-1/2

[Event "RUS-Cup6"]
[Site "Krasnodar"]
[Date "1997.03.12"]
[Round "2"]
[White "Aleksandrov, Aleksej"]
[Black "Vaulin, Alexander"]
[Result "1/2-1/2"]
[WhiteElo "2615"]
[BlackElo "2490"]
[PlyCount "53"]
[EventDate "1997.03.11"]
[Source "www.chesslib.no"]
[SourceDate "2004.05.04"]

1. d4 d5 2. c4 dxc4 3. Nf3 a6 4. e3 e6 5. Bxc4 c5 6. O-O Nf6 7. e4 b5 8. Bd3 Bb7 9. e5 Nd5 10. Nbd2 Nd7 11. a4 Qb6 12. axb5 axb5 13. Rxa8+ Bxa8 14. Ne4 cxd4 15. Qe2 Bc6 16. Bd2 Be7 17. Rc1 O-O 18. h4 Rd8 19. Bb1 Nf8 20. h5 b4 21. Qc4 Bb5 22. Qxd4 Be2 23. Qxb6 Nxb6 24. Nd6 Bxf3 25. gxf3 Bxd6 26. exd6 Rxd6 27. Bxb4 1/2-1/2

[Event "Monarch Assurance 8th"]
[Site "Port Erin"]
[Date "1999.11.10"]
[Round "5"]
[White "Hebden, Mark"]
[Black "Baburin, Alexander"]
[Result "1-0"]
[WhiteElo "2510"]
[BlackElo "2593"]
[PlyCount "77"]
[EventDate "1999.11.06"]
[Source "ChessBase"]
[SourceDate "2000.02.01"]

1. d4 d5 2. c4 dxc4 3. Nf3 a6 4. e3 e6 5. Bxc4 c5 6. O-O Nf6 7. e4 cxd4 8. e5 Nfd7 9. Qxd4 Nc6 10. Qf4 Qc7 11. Re1 Ndxe5 12. Nxe5 Nxe5 13. Qxe5 Qxc4 14. Nc3 f6 15. Qh5+ g6 16. Qf3 Be7 17. Bh6 Qc6 18. Qg3 Kf7 19. Rac1 Rd8 20. Qh4 e5 21. Be3 h5 22. Ne4 Qe6 23. f4 Qg4 24. Qf2 Be6 25. h3 Qf5 26. Ng3 Qd3 27. fxe5 f5 28. Ne2 Rac8 29. Nf4 Qd7 30. Qg3 Rg8 31. h4 Rxc1 32. Rxc1 Bd5 33. Bb6 Qb5 34. Qe3 Be6 35. Rc7 Qxb2 36. Rxe7+ Kxe7 37. Qc5+ Ke8 38. Nxe6 g5 39. Nxg5 1-0

[Event "Open"]
[Site "?"]
[Date "1998.??.??"]
[Round "9"]
[White "Antic Dejan"]
[Black "Milov Vadim"]
[Result "0-1"]
[WhiteElo "2460"]
[BlackElo "2635"]
[PlyCount "92"]
[EventDate "1998.??.??"]
[Source "www.chesslib.no"]
[SourceDate "2004.05.04"]

1. d4 d5 2. c4 dxc4 3. Nf3 a6 4. e3 e6 5. Bxc4 c5 6. O-O Nf6 7. e4 b5 8. Bd3 Bb7 9. e5 Nd5 10. Nc3 Nd7 11. a4 b4 12. Bg5 Nxc3 13. bxc3 Be7 14. Bxe7 Qxe7 15. cxb4 cxb4 16. Nd2 O-O 17. a5 Rfd8 18. Nc4 Nb8 19. Nd6 Bd5 20. Qb1 Qh4 21. g3 Qxd4 22. Bxh7+ Kf8 23. Rd1 Qxe5 24. Nb7 Nc6 25. Nxd8 Rxd8 26. Re1 Qc3 27. Be4 Nd4 28. Bxd5 Rxd5 29. Re3 Qc4 30. Qh7 b3 31. Qh8+ Ke7 32. Rae1 b2 33. Kg2 Rb5 34. Qh4+ g5 35. Qh7 Qd5+ 36. f3 g4 37. Qh4+ Kd7 38. Qf6 gxf3+ 39. Kf2 Ke8 40. Qh8+ Ke7 41. Qh4+ Kd7 42. Qf6 Kc8 43. Rc3+ Nc6 44. Qg7 Qd2+ 45. Kxf3 Rf5+ 46. Ke4 Qe2+ 0-1

[Event "Commonwealth-ch"]
[Site "Sangli"]
[Date "2000.??.??"]
[Round "2"]
[White "Sasikiran, Krishnan"]
[Black "Sorokin, Maxim"]
[Result "1/2-1/2"]
[WhiteElo "2514"]
[BlackElo "2572"]
[PlyCount "33"]
[EventDate "2000.??.??"]
[Source "www.chesslib.no"]
[SourceDate "2004.05.04"]

1. d4 d5 2. c4 dxc4 3. Nf3 e6 4. e3 a6 5. Bxc4 c5 6. O-O Nf6 7. e4 b5 8. Bd3 Bb7 9. Bg5 Be7 10. Re1 Nbd7 11. a4 bxa4 12. Nbd2 O-O 13. Rxa4 Nb6 14. Ra1 cxd4 15. Nb3 Nfd7 16. Bxe7 Qxe7 17. Nbxd4 1/2-1/2

[Event "RUS-Cup9"]
[Site "Novgorod"]
[Date "1997.06.16"]
[Round "5"]
[White "Zakharevich, Igor"]
[Black "Sherbakov, Ruslan"]
[Result "1/2-1/2"]
[WhiteElo "2505"]
[BlackElo "2580"]
[PlyCount "31"]
[EventDate "1997.06.11"]
[Source "ChessBase"]
[SourceDate "1997.10.13"]

1. d4 d5 2. Nf3 e6 3. c4 dxc4 4. e3 a6 5. Bxc4 c5 6. O-O Nf6 7. e4 b5 8. Bd3 cxd4 9. a4 bxa4 10. e5 Nd5 11. Bg5 Be7 12. Bxe7 Qxe7 13. Qxa4+ Nd7 14. Qxd4 O-O 15. Nbd2 Rb8 16. Bxa6 1/2-1/2

[Event "RUS-Cup06"]
[Site "Nizhnij Novgorod"]
[Date "1998.07.01"]
[Round "3"]
[White "Popov, Valerij"]
[Black "Rustemov, Alexander"]
[Result "1/2-1/2"]
[WhiteElo "2505"]
[BlackElo "2575"]
[PlyCount "25"]
[EventDate "1998.06.29"]
[Source "www.chesslib.no"]
[SourceDate "2004.05.04"]

1. d4 d5 2. c4 dxc4 3. e3 Nf6 4. Bxc4 e6 5. Nf3 c5 6. O-O a6 7. e4 b5 8. Bd3 Bb7 9. e5 Nd5 10. Bg5 Qb6 11. dxc5 Bxc5 12. Nbd2 h6 13. Bh4 1/2-1/2

[Event "24th Open"]
[Site "Bad Woerishofen GER"]
[Date "2008.03.02"]
[Round "4"]
[White "Iotov, V."]
[Black "Georgiev, Vl"]
[Result "1/2-1/2"]
[WhiteElo "2495"]
[BlackElo "2581"]
[PlyCount "22"]
[EventDate "2008.02.28"]
[Source "www.chesslib.no"]
[SourceDate "2004.05.04"]

1. d4 d5 2. Nf3 Nf6 3. c4 dxc4 4. e3 e6 5. Bxc4 c5 6. O-O a6 7. e4 b5 8. Bd3 Bb7 9. Bg5 Be7 10. Nbd2 h6 11. Bxf6 Bxf6 1/2-1/2

[Event "Corr"]
[Site "?"]
[Date "1998.03.01"]
[Round "?"]
[White "Knobel Rolf (SWZ)"]
[Black "Jardorf Sven (DEN)"]
[Result "0-1"]
[WhiteElo "2571"]
[BlackElo "2484"]
[PlyCount "68"]
[EventDate "1998.??.??"]
[Source "www.chesslib.no"]
[SourceDate "2004.05.04"]

1. d4 d5 2. Nf3 Nf6 3. c4 dxc4 4. e3 e6 5. Bxc4 c5 6. O-O a6 7. e4 b5 8. Bd3 Bb7 9. Bg5 cxd4 10. a4 b4 11. Nxd4 h6 12. Bh4 g5 13. Bg3 Bg7 14. Nc2 Nc6 15. Qe2 Nh5 16. Ne3 Nxg3 17. hxg3 Nd4 18. Qd1 h5 19. Nd2 h4 20. Ndc4 hxg3 21. fxg3 Rc8 22. e5 Bf8 23. Qg4 Rxc4 24. Bxc4 Nf5 25. Rxf5 Bc5 26. Rf2 Bxe3 27. Re1 Bxf2+ 28. Kxf2 Qb6+ 29. Ke2 Rh2 30. Kd2 Rxg2+ 31. Re2 Rg1 32. Re3 Qc5 33. b3 Bd5 34. Ke2 Rc1 0-1

[Event "Kstovo"]
[Site "Kstovo"]
[Date "1998.??.??"]
[Round "3"]
[White "Aleksandrov, Aleksej"]
[Black "Novgorodskij, Vladimir"]
[Result "1-0"]
[WhiteElo "2615"]
[BlackElo "2420"]
[PlyCount "79"]
[EventDate "1998.??.??"]
[Source "www.chesslib.no"]
[SourceDate "2004.05.04"]

1. d4 d5 2. c4 dxc4 3. Nf3 a6 4. e3 e6 5. Bxc4 c5 6. O-O Nf6 7. e4 b5 8. Bd3 Bb7 9. Bg5 h6 10. Bxf6 Qxf6 11. a4 b4 12. Nbd2 cxd4 13. e5 Qd8 14. Rc1 Be7 15. Bb1 Nd7 16. Re1 O-O 17. Nb3 Nb6 18. a5 Nd5 19. Rc4 Qd7 20. h4 Rac8 21. Qd3 g6 22. Rxd4 h5 23. Nfd2 Rfd8 24. Ne4 Qa4 25. Qg3 Bxh4 26. Qxh4 Qxb3 27. Nd6 Qxb2 28. Nxb7 Rd7 29. Rc4 Rxc4 30. Qxc4 Qd2 31. Rf1 Rc7 32. Qxa6 Nf4 33. Qa8+ Kh7 34. Qd8 Ne2+ 35. Kh1 Qf4 36. Bxg6+ fxg6 37. Qxc7+ Kh6 38. Qd8 h4 39. Qh8+ Kg5 40. Qf6+ 1-0

[Event "Mayors Cup Open"]
[Site "Mumbai IND"]
[Date "2008.05.18"]
[Round "10"]
[White "Rahman, Zia"]
[Black "Filippov, An UZB"]
[Result "1/2-1/2"]
[WhiteElo "2511"]
[BlackElo "2509"]
[PlyCount "67"]
[EventDate "2008.05.11"]
[Source "www.chesslib.no"]
[SourceDate "2004.05.04"]

1. d4 d5 2. Nf3 Nf6 3. c4 dxc4 4. e3 e6 5. Bxc4 c5 6. O-O a6 7. e4 b5 8. Bd3 Bb7 9. e5 Nd5 10. Bg5 Qb6 11. a4 h6 12. Be3 c4 13. Be2 Nc6 14. axb5 axb5 15. Rxa8+ Bxa8 16. Nc3 Ncb4 17. Nd2 Be7 18. Bh5 Nxc3 19. bxc3 Nd5 20. Ne4 Nxe3 21. fxe3 Bxe4 22. Bxf7+ Kd7 23. Qg4 Bf5 24. Qxg7 Rf8 25. g4 Rxf7 26. Qxf7 Bxg4 27. Rf4 h5 28. h3 Bd1 29. Qh7 Qd8 30. Rf7 b4 31. d5 Bc2 32. Qxc2 Qg8+ 33. Kh2 Qxf7 34. Qa4+ 1/2-1/2

[Event "Czerniak mem Bikurei Haitim"]
[Site "Tel Aviv"]
[Date "1997.04.27"]
[Round "11"]
[White "Gofshtein, Leonid D"]
[Black "Zifroni, Dov"]
[Result "1-0"]
[WhiteElo "2530"]
[BlackElo "2490"]
[PlyCount "81"]
[EventDate "1997.04.04"]
[Source "ChessBase"]
[SourceDate "1997.08.01"]

1. d4 d5 2. c4 dxc4 3. e3 Nf6 4. Bxc4 e6 5. Nf3 c5 6. O-O a6 7. e4 Nxe4 8. d5 Nf6 9. dxe6 Bxe6 10. Qe2 Nc6 11. Bxe6 fxe6 12. Qxe6+ Be7 13. Nc3 Qd7 14. Qb3 O-O-O 15. Bf4 Qf5 16. Bg3 Rd3 17. Nh4 Qd7 18. Qc2 Rd2 19. Qc1 Nh5 20. Nf3 Nxg3 21. hxg3 Rd3 22. Re1 Rf8 23. Re3 Kb8 24. Qe1 Rxe3 25. Qxe3 Qf5 26. Ne4 Ne5 27. Nxe5 Qxe5 28. Rb1 Rd8 29. b3 Rd4 30. Re1 c4 31. f4 Qd5 32. Nc3 Qa5 33. Qxe7 Qxc3 34. Qf8+ Kc7 35. Qc5+ Kd8 36. Qb6+ Kd7 37. Qxb7+ Kd8 38. Qb8+ Kd7 39. Qe8+ Kc7 40. Re7+ Kb6 41. Qb8+ 1-0

[Event "Meurthe et Moselle GM"]
[Site "Nancy FRA"]
[Date "2007.02.22"]
[Round "6"]
[White "Marzolo, C."]
[Black "Guliyev, N."]
[Result "0-1"]
[WhiteElo "2472"]
[BlackElo "2545"]
[PlyCount "66"]
[EventDate "2007.02.19"]
[Source "www.chesslib.no"]
[SourceDate "2004.05.04"]

1. d4 d5 2. c4 dxc4 3. Nf3 Nf6 4. e3 e6 5. Bxc4 a6 6. O-O c5 7. e4 b5 8. Bd3 Bb7 9. Re1 cxd4 10. a4 b4 11. e5 Nfd7 12. Nbd2 Nc5 13. Ne4 Bxe4 14. Bxe4 Nxe4 15. Rxe4 Nc6 16. Bg5 Qd5 17. Qd3 Be7 18. Bxe7 Kxe7 19. Nxd4 Rhd8 20. Nxc6+ Qxc6 21. Qe3 Qc2 22. Re1 a5 23. h4 Kf8 24. Re2 Qxa4 25. b3 Rd1+ 26. Kh2 Qa1 27. Rc4 Rad8 28. Qc5+ Kg8 29. Qe7 Qb1 30. Re3 h5 31. Rce4 Qc2 32. Kg3 R1d3 33. Rxd3 Rxd3+ 0-1

[Event "RUS-Cup03 (Geller mem)"]
[Site "Moscow"]
[Date "1999.02.12"]
[Round "3"]
[White "Popov, Valerij"]
[Black "Zakharov, Alexander S"]
[Result "1/2-1/2"]
[WhiteElo "2582"]
[BlackElo "2430"]
[PlyCount "33"]
[EventDate "1999.02.10"]
[Source "ChessBase"]
[SourceDate "1999.06.08"]

1. Nf3 d5 2. d4 Nf6 3. c4 dxc4 4. e3 e6 5. Bxc4 c5 6. O-O a6 7. e4 b5 8. Bd3 Bb7 9. Bg5 h6 10. Bh4 g5 11. Bg3 g4 12. Ne5 Qxd4 13. Nd2 Nc6 14. Nb3 Qd8 15. Nxc6 Bxc6 16. Be5 Rg8 17. a4 1/2-1/2

[Event "Rilton Cup 97/98"]
[Site "Stockholm"]
[Date "1998.??.??"]
[Round "8"]
[White "Akesson, Ralf"]
[Black "Degerman, Lars"]
[Result "1-0"]
[WhiteElo "2520"]
[BlackElo "2485"]
[PlyCount "47"]
[EventDate "1997.12.??"]
[Source "www.chesslib.no"]
[SourceDate "2004.05.04"]

1. d4 d5 2. c4 dxc4 3. Nf3 a6 4. e3 e6 5. Bxc4 Nf6 6. O-O c5 7. e4 b5 8. Bd3 Bb7 9. Bg5 cxd4 10. a4 b4 11. Re1 Be7 12. Nbd2 Nfd7 13. Bxe7 Qxe7 14. Nxd4 Nc5 15. N2b3 O-O 16. Nxc5 Qxc5 17. Bf1 Qe7 18. Rc1 Rd8 19. Rc2 Nd7 20. Rc7 Bxe4 21. Rxe4 Qd6 22. Qc1 Qd5 23. Rh4 g5 24. Rg4 1-0

[Event "EuTCh w"]
[Site "Plovdiv"]
[Date "2003.10.14"]
[Round "4"]
[White "Stefanova, Antoaneta"]
[Black "Galliamova, Alisa"]
[Result "1-0"]
[WhiteElo "2497"]
[BlackElo "2502"]
[PlyCount "112"]
[EventDate "2003.10.10"]
[Source "Roberto Alvarez"]
[SourceDate "2003.10.20"]

1. d4 d5 2. Nf3 Nf6 3. c4 dxc4 4. e3 e6 5. Bxc4 a6 6. O-O c5 7. e4 b5 8. Bd3 Bb7 9. e5 Nfd7 10. a4 bxa4 11. Nc3 cxd4 12. Ne4 Nc5 13. Nxc5 Bxc5 14. Rxa4 Nd7 15. Re1 Nb6 16. Ra1 h6 17. Bd2 Qd7 18. Ba5 Nd5 19. Be4 O-O 20. Nxd4 Qe7 21. Nb3 Bb4 22. Bxb4 Qxb4 23. Na5 Rfd8 24. Qf3 Rab8 25. b3 Ba8 26. Nc4 Qxb3 27. Qxb3 Rxb3 28. Rxa6 Nc7 29. Rd6 Rdb8 30. Nd2 Bxe4 31. Nxe4 Rb1 32. Rdd1 Rxd1 33. Rxd1 Nd5 34. g3 Rb2 35. Ra1 Re2 36. Nd6 Rxe5 37. Ra8+ Kh7 38. Nxf7 Re1+ 39. Kg2 Nf6 40. h4 Re2 41. Kf3 Rb2 42. Rh8+ Kg6 43. Ne5+ Kf5 44. Nc4 Rb3+ 45. Ke2 Kg6 46. Rc8 Kh7 47. Ne5 Rb5 48. Nd3 e5 49. Rc7 e4 50. Nf4 Rb2+ 51. Ke1 Ng4 52. Nh5 Nxf2 53. Rxg7+ Kh8 54. Re7 Kg8 55. Kf1 Kf8 56. Re6 Kg8 1-0

[Event "JUG-ch"]
[Site "Belgrade"]
[Date "1999.??.??"]
[Round "7"]
[White "Antic, Dejan"]
[Black "Drasko, Milan"]
[Result "1/2-1/2"]
[WhiteElo "2479"]
[BlackElo "2505"]
[PlyCount "25"]
[EventDate "1999.03.??"]
[Source "www.chesslib.no"]
[SourceDate "2004.05.04"]

1. d4 d5 2. c4 dxc4 3. Nf3 a6 4. e3 e6 5. Bxc4 c5 6. O-O Nf6 7. e4 b5 8. Bd3 Bb7 9. e5 Nfd7 10. a4 bxa4 11. Nc3 cxd4 12. Ne4 Nc6 13. Qxa4 1/2-1/2